Statistics for Ayrton Senna

Click here to take the quiz!

General Stats

  • This quiz has been taken 130 times
  • The average score is 27 of 42

Answer Stats

QuestionAnswer% Correct
Country he was born inBrazil
95%
His biggest rivalAlain Prost
93%
Main colour of helmetYellow
93%
Year he died1994
91%
Number of times he won his home race2
91%
other colour of helmet #2Green
90%
Third team he drove forMcLaren
89%
Circuit where he diedImola
88%
The year he was born1960
87%
How many years was he at this team3
87%
Number of F1 World Championships3
87%
For how many races was he at this team3
87%
Last team he drove forWilliams
87%
First year in Formula 11984
86%
How many years was he at this team6
85%
Number of times he finished behind (Question 7) in the World Championship5
82%
Year of first win1985
81%
Circuit where he achieved the most PolesMonaco
81%
Circuit where he achieved the most winsMonaco
81%
Second team he drove forLotus
79%
City he was born inSao Paulo
78%
The year the film 'Senna' was released2011
73%
The driver that overtook him to become the driver with the most Poles In Formula 1Michael Schumacher
72%
Which country's flag did he have in the car with him in the race he was killedAustria
71%
other colour of helmet #3Black
68%
Number of wins in Formula 141
67%
Nephew who also competed in Formula 1Bruno Senna
67%
First team in Formula 1Toleman
67%
Driver who was killed the day before SennaRoland Ratzenberger
62%
Name of corner where he crashedTamburello
59%
Complete the quote "If you no longer go for a gap that exists you are no longer a ...."Racing Driver
54%
His last teammateDamon Hill
53%
Number of Pole Positions in Formula 165
49%
Circuit where he achieved his first winEstoril
39%
The gear he was stuck in for most of the 1991 Brazilian Grand PrixSixth
33%
Team that gave him first test in an F1 carBrabham
28%
First teammate in Formula 1Johnny Cecotto
14%
Number of races in Formula 1162
13%
The race he was killed in1994 San Marino Grand Prix
10%
Race he achieved his first Pole Position1985 Portuguese Grand Prix
8%
Race he achieved his first Podium1984 Monaco Grand Prix
7%
Debut race1984 Brazilian Grand Prix
6%

Score Distribution

Percentile by Number Answered

Percent of People with Each Score

Your Score History

You have not taken this quiz